Luật biển quốc tế Lưu hành nội bộ
Trình bày các vấn đề lí luận chung về luật biển quốc tế; Các vùng biển, phân định biển trong luật quốc tế; khai thác chung trên các vùng biển quốc tế; cơ chế giải quyết tranh chấp theo quy định của công ước liên hợp quốc năm 1982 về luật biển....
Đã lưu trong:
| Tác giả chính: | |
|---|---|
| Định dạng: | Sách |
| Năm xuất bản: |
Quảng Bình
Trường Đại học Quảng Bình
2020
|
| Series: | Dành cho sinh viên chuyên ngành Luật
|
| Chủ đề: | |
| Tags: |
Thêm thẻ
Không có thẻ, Hãy là người đầu tiên gắn thẻ bản ghi này!
|
| LEADER | 00974nam a2200157 4500 | ||
|---|---|---|---|
| 999 | |c 16452 |d 16452 | ||
| 082 | |a 341.45 |b PH105TH | ||
| 100 | |a Phan Thị Thu Hiền | ||
| 245 | |a Luật biển quốc tế |b Lưu hành nội bộ |c Phan Thị Thu Hiền | ||
| 260 | |a Quảng Bình |b Trường Đại học Quảng Bình |c 2020 | ||
| 300 | |a 79tr. |c 28cm | ||
| 490 | |a Dành cho sinh viên chuyên ngành Luật | ||
| 520 | |a Trình bày các vấn đề lí luận chung về luật biển quốc tế; Các vùng biển, phân định biển trong luật quốc tế; khai thác chung trên các vùng biển quốc tế; cơ chế giải quyết tranh chấp theo quy định của công ước liên hợp quốc năm 1982 về luật biển. | ||
| 653 | |a Pháp luật |a Luật quốc tế |a Biển khơi |a Bài giảng | ||
| 942 | |2 ddc |c TC | ||
| 952 | |0 0 |1 0 |2 ddc |4 0 |6 341_450000000000000_PH105TH |7 0 |8 300 |9 119294 |a qbu |b qbu |c D1 |d 2021-10-27 |g 80000 |o 341.45 PH105TH |p BG651.C1 |r 2021-10-27 |w 2021-10-27 |y TC | ||